000
00197 a2200097 4500
001
31455
100
_a
Colburn, Rafe
245
_a
Using SQL
260
_a
New Delhi
_b
PHI
_c
090
_c
21339
_d
21339
942
_a
NUST-CAE
_c
M
_c
12602
999
_c
266528
_d
266528